000 00344nam a22001457a 4500
008 230404b ||||| |||| 00| 0 eng d
020 _a9781607744931
041 _aeng
080 _2FIRST EDITION
_a37
082 _a37CAS
100 _a24
101 _aBIZNES
245 _aTHE BEST PUNCTUATION BOOK PERIOD
_cCASAGRANDE.J
942 _2udc
_cBK
999 _c59505
_d59505